| 000 | 00899nam a22002297a 4500 | ||
|---|---|---|---|
| 003 | CO-CtgCURN | ||
| 005 | 20250401153429.0 | ||
| 008 | 250401b |||||||| |||| 00| 0 eng d | ||
| 020 | _a9684269617 | ||
| 040 | _ccoctgcurn | ||
| 082 |
_a170 _bD61r |
||
| 100 | _aDobler López, Irving F. | ||
| 245 |
_aLa responsabilidad en el ejercicio médico / _cIrving F. Dobler López. |
||
| 250 | _asegunda edición / | ||
| 260 |
_aMéxico : _bManual Moderno, _c2002. |
||
| 300 | _axix, 252 páginas | ||
| 504 | _aBibliografía (páginas. 249-250) | ||
| 505 | _aRegulación del ejercicio profesional medico.--Documentos médicos.--Responsabilidad ética y moral.--Responsabilidad ante la secretaria de salud.--responsabilidad fiscal.--Responsabilidad penal | ||
| 650 | _aResponsabilidad médica. | ||
| 700 |
_aValdes López, Pablo, _eeditor |
||
| 942 |
_2ddc _cBK _h170 _iD61r _n0 |
||
| 999 |
_c27862 _d27862 |
||